Normal view
MARC view
Entry Personal Name
001 - CONTROL NUMBER
- control field: 1349
003 - CONTROL NUMBER IDENTIFIER
- control field: OSt
005 - DATE AND TIME OF LATEST TRANSACTION
- control field: 20260511120641.0
008 - FIXED-LENGTH DATA ELEMENTS
- fixed length control field: 260511|| aca||aabn | a|a d
040 ## - CATALOGING SOURCE
- Original cataloging agency: OSt
- Transcribing agency: OSt
100 ## - HEADING--PERSONAL NAME
- Personal name: Jayashree Ravi Hegde
670 ## - SOURCE DATA FOUND
- Source citation: Work cat.: (OSt)16849: Jayashree Ravi Hegde, Efficacy of canons of expression and yoga on the emotion regulation among the caregivers of children with neurodevelopment disorders - A randomized study, 2020